| 000 | 00995cab a2200205 4500 | ||
|---|---|---|---|
| 001 | L135781 | ||
| 008 | 061211n2006 000 0 eng u | ||
| 035 | _a(Sirsi) u135781 | ||
| 041 | 0 | _aeng | |
| 100 | 1 | _aDixon, Timothy | |
| 245 | 0 | 0 |
_aLessons from real estate partnerships in the UK _bdrivers, barriers and critical success factors |
| 260 | _c2006 | ||
| 490 | 0 |
_aProperty Management _v24(5) January 2006, 479-494(18) |
|
| 520 | _aDiscusses the level to which real estate partnerships are suited to the UK market, taking into account factors such as the relative length of leases and the level of corporate real estate owner-occupation. Includes tables on real estate partnership deals across Europe and on comparative lease terms in OECD countries, and a diagram showing a conceptual overview of the factors governing success. | ||
| 590 | _aKA | ||
| 651 | 4 |
_aUnited Kingdom _y |
|
| 690 | _aPROPERTY-COMMERCIAL PROPERTY-CORPORATE REAL ESTATE | ||
| 700 | 1 | _aPottinger, Gaye | |
| 942 | _n0 | ||
| 999 |
_c77987 _d77987 |
||